Direito tributário e direito privado : (Record no. 490)

MARC details
000 -LÍDER
Campo Fixo de Controle 00738nam a2200241 a 4500
001 - NÚMERO DE CONTROLE
Campo de Controle 490
003 - IDENTIFICAÇÃO DO NÚMERO DE CONTROLE
Campo de Controle BR-CuiBMT
005 - DATA E HORA DA ÚLTIMA ATUALIZAÇÃO
Campo de Controle 20231107231837.0
008 - DADOS FIXOS
Dados Fixos 231107s2003 spb 000 0 por d
020 ## - INTERNATIONAL STANDARD BOOK NUMBER
Nº do ISBN 8520324355
040 ## - AGÊNCIA CATALOGADORA
Código da Agência Catalogadora BR-CuiBMT
Agência que transcreveu o registro BR-CuiBMT
080 ## - Nº DA CLASSIFICAÇÃO DECIMAL UNIVERSAL
Nº edição CDU 2007
Nº Class. CDU 34:336.2
090 ## - NÚMERO DE CHAMADA
Nº classificação 34:336.2
Cutter T693d
100 1# - ENTRADA PRINCIPAL -- AUTOR PESSOAL
Nome pessoal Tôrres, Heleno
Forma completa do nome Torres, Heleno Taveira
245 ## - TÍTULO PRINCIPAL
Título principal Direito tributário e direito privado :
Subtítulo autonomia privada, simulação, elusão tributária /
Indicação de responsabilidade Heleno Tôrres.
260 ## - PUBLICAÇÃO, DISTRIBUIÇÃO, ETC.
Local de publicação São Paulo :
Editora Revista dos tribunais,
Data 2003.
300 ## - DESCRIÇÃO FÍSICA
N. páginas ou volumes 510 p.:
Dimensões 23 cm
504 ## - NOTA DE BIBLIOGRAFIA, ETC.
Nota de bibliografia Inclui bibliografia.
650 ## - ASSUNTO TÓPICO
Cabeçalho tópico ou nome geográfico Direito tributário
650 ## - ASSUNTO TÓPICO
Cabeçalho tópico ou nome geográfico Direito privado
650 ## - ASSUNTO TÓPICO
Cabeçalho tópico ou nome geográfico Elusão tributária
942 ## - ELEMENTOS DE ENTRADA ADICIONAIS (KOHA)
Fonte de classificação ou esquema de arquivamento Classificação Decimal Universal
Tipo de item do Koha Livros
Holdings
Estado: removido Estado: perdido Fonte de classificação ou esquema de arquivamento Estado: danificado Indisponível para empréstimo Localização permanente Localização atual Data de aquisição Fonte de aquisição Total Checkouts Número de Chamada completo Código de barras Date last seen Número do exemplar Preço efetivo a partir de Tipo de item (Koha)
    Classificação Decimal Universal     Biblioteca da Escola Superior de Contas do TCE/MT Biblioteca da Escola Superior de Contas do TCE/MT 07/11/2023 doação   34:336.2 T693d BIBTCEMT23110249 07/11/2023 Ex. 1 07/11/2023 Livros

Powered by Koha